| 000 | 00812nam a2200181 a 4500 | ||
|---|---|---|---|
| 001 | 55884 | ||
| 005 | 20180714051401.0 | ||
| 008 | 140415s2004 mx 000 0 spa d | ||
| 041 | _aspa | ||
| 082 |
_a616.992 _bSAN |
||
| 100 | 1 | _aSANCHEZ GUTIERREZ, ESTHER | |
| 245 | 1 | 0 | _aFUNDAMENTOS DE ONCOLOGIA MEDICA PARA ENFERMERAS |
| 250 | _a1a ed. | ||
| 260 |
_aMEXICO : _bINDETERMINADO, _c2004 |
||
| 300 |
_a182 _c13 x 1.3 x 20.7 |
||
| 520 | _aEL PRESENTE MANUAL PUEDE DAR A CONOCER ASPECTOS ONCOLÓGICOS FUNDAMENTALES QUE DEBEN ESTAR AL ALCANCE DE ENFERMERA, PARA LOGRAR UNA MAYOR INTEGRACION AL GRUPO MULTIDISCIPLINARIO DEDICADO A LA ATENCION DEL PACIENTE CON CANCER ABARCANDO CONOCIMIENTOS QUE VAN MAS ALLA DE LA PREPARACION Y ADMINISTRACION DE UN TRATAMIENTO | ||
| 650 | 1 | 4 |
_aONCOLOGIA _xTRATAMIENTO |
| 999 |
_c55884 _d55884 |
||